Culture Générale - Clic Quiz - La réponse est en emoji par IA #39 - Statistiques

Statistiques générales
  • Ce quiz a été pris 144 fois
  • Le résultat moyen est 21 sur 40
Statistiques - réponses
Hint Réponse % Correct
Frank Ribéry
90%
Louis XIII
88%
Où est Charlie ?
86%
Alain Souchon
79%
Alain Delon
79%
Tiger Woods
78%
Davy Jones (Pirates des Caraïbes)
78%
Empereur Meiji
77%
Alain Juppé
76%
Spock
74%
Jean-Paul Belmondo
73%
Alf
70%
Magnéto
65%
Jack Skellington
60%
Moon Knight
57%
Davy Crockett
52%
James Franco
50%
David "Dave" Bautista
50%
Alexandre II
49%
Jacques Dutronc
49%
Kareem Abdul-Jabbar
49%
Cyrille de Moscou
47%
Maurice Ravel
45%
Richard Wagner
43%
Busta Rhymes
43%
Bola Tinubu
42%
Jean-Pierre Papin
41%
Dirk Nowitzki
38%
Rob Zombie
37%
Mgr Lefebvre
37%
Judas Iscariote
37%
Dave Gahan (Depeche Mode)
36%
Sam Winchester (Supernatural)
29%
Lars von Trier
28%
The Creeper (Jeepers Creepers)
24%
Ludovico Einaudi
24%
Josh Groban
22%
Rob Halford (Judas Priest)
17%
Jared Goff
16%
Tim Berners-Lee (principal inventeur du World Wide Web)
14%
Aucun quiz correspondant
Distribution des résultats
% des personnes avec chaque résultat
Percentile par nombre de réponses
Votre historique - résultats
Vous n’avez pas pris ce quiz